000 00430nam a2200169Ia 4500
008 230711s9999||||xx |||||||||||||| ||und||
041 _aENG
082 _a624
_bSC-B
100 _aStephen D Schuette 
245 0 _aBuilding construction estimating
250 _a1st Ed.
260 _c1994
_aNew Delhi
_bTata McGraw Hill Education Limited
300 _a346
650 _aArchitecture
700 _aRoger W.Liska 
942 _cBK
999 _c2812
_d2812